000 00408cam a2200169 4500
001 D14514
008 090401t1901 xxu||||| |||| 00| 0 eng d
035 _a(Sirsi) u16153
041 _aeng
100 _aWood, Leslie S.
245 4 _aThe principles and practice of farm valuations
260 _aLondon
_bEstates Gazette
_c1901
350 _a0
520 _aShelf 137
942 _n0
948 _c04/03/1997
999 _c87384
_d87384